Pan dulce / (Record no. 20961)
[ view plain ]
| 000 -LEADER | |
|---|---|
| fixed length control field | 01033cim a2200337Ka 4500 |
| 001 - CONTROL NUMBER | |
| control field | 54699513 |
| 003 - CONTROL NUMBER IDENTIFIER | |
| control field | OCoLC |
| 005 - DATE AND TIME OF LATEST TRANSACTION | |
| control field | 20180623122829.0 |
| 008 - FIXED-LENGTH DATA ELEMENTS--GENERAL INFORMATION | |
| fixed length control field | 040315s1995 nyunnn j d f spa d |
| 020 ## - INTERNATIONAL STANDARD BOOK NUMBER | |
| International Standard Book Number | 0590846221 (pbk.) |
| 040 ## - CATALOGING SOURCE | |
| Original cataloging agency | DVA |
| Transcribing agency | DVA |
| Modifying agency | OCLCQ |
| 041 ## - LANGUAGE CODE | |
| Language code of text/sound track or separate title | spa |
| 043 ## - GEOGRAPHIC AREA CODE | |
| Geographic area code | n-mx--- |
| 049 ## - LOCAL HOLDINGS (OCLC) | |
| Holding library | SX@A |
| 092 0# - LOCALLY ASSIGNED DEWEY CALL NUMBER (OCLC) | |
| Classification number | 641.5972 |
| Edition number | 21 |
| 099 ## - LOCAL FREE-TEXT CALL NUMBER (OCLC) | |
| Classification number | Contreras, K. |
| 100 1# - MAIN ENTRY--PERSONAL NAME | |
| Personal name | Contreras, Kathleen. |
| 245 10 - TITLE STATEMENT | |
| Title | Pan dulce / |
| Statement of responsibility, etc. | Escrito por Kathleen Contreras ; ilustrado por Blanca Dorantes ;version en espanol por Rosa Zubizarreta. |
| 260 ## - PUBLICATION, DISTRIBUTION, ETC. (IMPRINT) | |
| Place of publication, distribution, etc. | [New York] : |
| Name of publisher, distributor, etc. | Scholastic Inc., |
| Date of publication, distribution, etc. | 1995. |
| 300 ## - PHYSICAL DESCRIPTION | |
| Extent | 24 p. : |
| Other physical details | col. ill. ; |
| Dimensions | 26 cm.) |
| 521 ## - TARGET AUDIENCE NOTE | |
| Target audience note | RL 1 004-006 |
| 650 #0 - SUBJECT ADDED ENTRY--TOPICAL TERM | |
| Topical term or geographic name as entry element | Bread |
| Geographic subdivision | Mexico |
| Form subdivision | Juvenile literature. |
| 650 #0 - SUBJECT ADDED ENTRY--TOPICAL TERM | |
| Topical term or geographic name as entry element | Cookery, Mexican |
| Form subdivision | Juvenile literature. |
| 650 #0 - SUBJECT ADDED ENTRY--TOPICAL TERM | |
| Topical term or geographic name as entry element | Cookery, Mexican. |
| 650 #0 - SUBJECT ADDED ENTRY--TOPICAL TERM | |
| Topical term or geographic name as entry element | Spanish language materials. |
| 650 #7 - SUBJECT ADDED ENTRY--TOPICAL TERM | |
| Topical term or geographic name as entry element | Materiales en espanol |
| Source of heading or term | bidex. |
| 650 #7 - SUBJECT ADDED ENTRY--TOPICAL TERM | |
| Topical term or geographic name as entry element | Cocina mexicana. |
| Source of heading or term | bidex. |
| 700 1# - ADDED ENTRY--PERSONAL NAME | |
| Personal name | Dorantes, Blanca, |
| Relator term | ill. |
| 700 1# - ADDED ENTRY--PERSONAL NAME | |
| Personal name | Zubizarreta, Rosa. |
| 942 ## - ADDED ENTRY ELEMENTS (KOHA) | |
| Koha item type | Libro/Book |
| Withdrawn status | Lost status | Source of classification or shelving scheme | Damaged status | Not for loan | Home library | Current library | Date acquired | Total Checkouts | Total Renewals | Date last seen | Date checked out | Price effective from | Koha item type | Barcode |
|---|---|---|---|---|---|---|---|---|---|---|---|---|---|---|
| Dewey Decimal Classification | Monte Cristo -- Satellite | Monte Cristo -- Satellite | 14/05/2019 | 14/05/2019 | 14/05/2019 | Libro/Book | 40201816 | |||||||
| Dewey Decimal Classification | San Juan Del Sur -- Mobile | San Juan Del Sur -- Mobile | 13/05/2019 | 2 | 09/03/2020 | 08/10/2019 | 13/05/2019 | Libro/Book |